01229nab a22002537a 4500999001500000003000400015005001700019008004100036040000700077100003400084245010300118260007300221300001500294500007300309505012000382505011400502505008900616650003500705650002900740650002700769650002600796773014000822942001300962 c6346d6346OSt20260130222123.0190603e xxum|||| |||| 00| 0 spa d cPJ 94518aUrbina, Paola Alejandra10aAntojadiza interpretación del PMO en desmedro del derecho a la salud /cPaola Alejandra Urbina.  cCiudad Autónoma de Buenos Aires :aThomson Reuters La Ley, b2025. ap. 322-327 aCita: TR LALEY AR/DOC/2267/2025 Publicado en: RCCyC 2025 (Octubre). aSumario: I. Los hechos del caso.— II. La obligación de las empresas de medicina prepaga.— III. Conclusión.  aFallo comentado: CNCom., sala C ~ 05/06/2025 ~ M., R. A. c. Asociación Mutual Sancor Salud s/ sumarísimo. t¿Te interesa el texto completo? Solicitalo al correo: koha@justierradelfuego.gov.ar 091497aCODIGO CIVIL Y COMERCIAL 091253aDERECHO A LA SALUD 093273aMEDICINA PREPAGA 096424aDAÑO PUNITIVO0 0271393170dCiudad Autónoma de Buenos Aires : Thomson Reuters La Ley, 2015-tRevista Código Civil y Comercial. Nº 5 - Octubre 2025 2udccANA